<?xml version="1.0" encoding="UTF-8"?>
<record
    xmlns:xsi="http://www.w3.org/2001/XMLSchema-instance"
    xsi:schemaLocation="http://www.loc.gov/MARC21/slim http://www.loc.gov/standards/marcxml/schema/MARC21slim.xsd"
    xmlns="http://www.loc.gov/MARC21/slim">

  <leader>01693nam a2200373 i 4500</leader>
  <controlfield tag="003">DO-SdBNP</controlfield>
  <controlfield tag="005">20260409210342.0</controlfield>
  <controlfield tag="007">ta</controlfield>
  <controlfield tag="008">201106b2020 dr  spa</controlfield>
  <datafield tag="020" ind1=" " ind2=" ">
    <subfield code="a"> </subfield>
  </datafield>
  <datafield tag="040" ind1=" " ind2=" ">
    <subfield code="a">DO-SdBNP</subfield>
    <subfield code="b">spa</subfield>
    <subfield code="c">BNPHU</subfield>
    <subfield code="e">rda</subfield>
  </datafield>
  <datafield tag="041" ind1=" " ind2=" ">
    <subfield code="a">spa</subfield>
  </datafield>
  <datafield tag="082" ind1=" " ind2="4">
    <subfield code="a">337.142</subfield>
    <subfield code="b">T775h</subfield>
    <subfield code="2">22</subfield>
  </datafield>
  <datafield tag="110" ind1="2" ind2=" ">
    <subfield code="a">Uni&#xF3;n Europea</subfield>
    <subfield code="9">84088</subfield>
  </datafield>
  <datafield tag="245" ind1="1" ind2="0">
    <subfield code="a">Tras las huellas de la Cooperaci&#xF3;n Europea en la  Rep&#xFA;blica Dominicana :</subfield>
    <subfield code="b">30 a&#xF1;os de cooperaci&#xF3;n al desarrollo /</subfield>
    <subfield code="c">investigadores Taiana Mora Ramis, Iv&#xE1;n Ogando Lora, Sandra Nogu&#xE9; </subfield>
  </datafield>
  <datafield tag="246" ind1="1" ind2="3">
    <subfield code="a">Informe retrospectivo sobre la contribuci&#xF3;n de la cooperaci&#xF3;n bilateral  </subfield>
  </datafield>
  <datafield tag="264" ind1=" " ind2=" ">
    <subfield code="a">Santo Domingo, Rep&#xFA;blica Dominicana :</subfield>
    <subfield code="b">FLASCO,</subfield>
    <subfield code="c">2020</subfield>
  </datafield>
  <datafield tag="300" ind1=" " ind2=" ">
    <subfield code="a">145 p&#xE1;ginas : </subfield>
    <subfield code="b">ilustraciones ;</subfield>
    <subfield code="c">29 cm. </subfield>
  </datafield>
  <datafield tag="336" ind1=" " ind2=" ">
    <subfield code="a">texto</subfield>
    <subfield code="b">txt</subfield>
    <subfield code="2">rdacontent</subfield>
  </datafield>
  <datafield tag="337" ind1=" " ind2=" ">
    <subfield code="a">sin mediaci&#xF3;n </subfield>
    <subfield code="b">n</subfield>
    <subfield code="2">rdamedia</subfield>
  </datafield>
  <datafield tag="338" ind1=" " ind2=" ">
    <subfield code="a">volumen </subfield>
    <subfield code="b">nc</subfield>
    <subfield code="2">rdacarrier</subfield>
  </datafield>
  <datafield tag="500" ind1=" " ind2=" ">
    <subfield code="a"> A la memoria de nuestro querido embajador Antonio Vargas Hern&#xE1;ndez, ordenador nacional de los fondos europeos para el desarrollo 2012-2020 por su incansable compromiso con el desarrollo de Rep&#xFA;blica Dominicana, la cooperaci&#xF3;n con la Uni&#xF3;n Europea y cooperaci&#xF3;n regional  </subfield>
  </datafield>
  <datafield tag="504" ind1=" " ind2=" ">
    <subfield code="a"> </subfield>
  </datafield>
  <datafield tag="590" ind1=" " ind2=" ">
    <subfield code="a">Inventariado, 2021/VM</subfield>
  </datafield>
  <datafield tag="650" ind1=" " ind2=" ">
    <subfield code="a">Cooperaci&#xF3;n internacional.</subfield>
    <subfield code="z">Rep&#xFA;blica Dominicana</subfield>
    <subfield code="v">Informe</subfield>
    <subfield code="9">77648</subfield>
  </datafield>
  <datafield tag="650" ind1=" " ind2="4">
    <subfield code="a">Desarrollo regional</subfield>
    <subfield code="z">Rep&#xFA;blica Dominicana</subfield>
    <subfield code="9">77649</subfield>
  </datafield>
  <datafield tag="651" ind1=" " ind2="4">
    <subfield code="a">Rep&#xFA;blica Dominicana </subfield>
    <subfield code="x">Relaciones internacionales </subfield>
    <subfield code="9">2624</subfield>
  </datafield>
  <datafield tag="700" ind1="1" ind2=" ">
    <subfield code="a">Mora Ramis,Taiana </subfield>
    <subfield code="9">31119</subfield>
  </datafield>
  <datafield tag="700" ind1="1" ind2=" ">
    <subfield code="a">Ogando Lora, Iv&#xE1;n   </subfield>
    <subfield code="9">77650</subfield>
  </datafield>
  <datafield tag="700" ind1="1" ind2=" ">
    <subfield code="a">Nogu&#xE9;, Sandra </subfield>
    <subfield code="9">77651</subfield>
  </datafield>
  <datafield tag="710" ind1="2" ind2=" ">
    <subfield code="a">Facultad Latinoamericana de Ciencias Sociales (Rep&#xFA;blica Dominicana)</subfield>
    <subfield code="9">71583</subfield>
  </datafield>
  <datafield tag="910" ind1=" " ind2=" ">
    <subfield code="a">VMateo</subfield>
  </datafield>
  <datafield tag="942" ind1=" " ind2=" ">
    <subfield code="2">ddc</subfield>
    <subfield code="c">LBS1</subfield>
  </datafield>
  <datafield tag="952" ind1=" " ind2=" ">
    <subfield code="0">0</subfield>
    <subfield code="1">0</subfield>
    <subfield code="2">ddc</subfield>
    <subfield code="5">1</subfield>
    <subfield code="7">0</subfield>
    <subfield code="8">PD</subfield>
    <subfield code="a">BNPHU</subfield>
    <subfield code="b">BNPHU</subfield>
    <subfield code="c">HD</subfield>
    <subfield code="d">2021-01-11</subfield>
    <subfield code="e">Editora B&#xFA;ho </subfield>
    <subfield code="l">0</subfield>
    <subfield code="o">BNPHU PD 337.142 T775h</subfield>
    <subfield code="p">2021-0033</subfield>
    <subfield code="r">2021-01-11</subfield>
    <subfield code="w">2021-01-11</subfield>
    <subfield code="y">LBS1</subfield>
  </datafield>
  <datafield tag="952" ind1=" " ind2=" ">
    <subfield code="0">0</subfield>
    <subfield code="1">0</subfield>
    <subfield code="2">ddc</subfield>
    <subfield code="5">1</subfield>
    <subfield code="7">0</subfield>
    <subfield code="8">PD</subfield>
    <subfield code="a">BNPHU</subfield>
    <subfield code="b">BNPHU</subfield>
    <subfield code="c">HD</subfield>
    <subfield code="d">2021-01-11</subfield>
    <subfield code="e">Editora B&#xFA;ho </subfield>
    <subfield code="l">0</subfield>
    <subfield code="o">BNPHU PD 337.142 T775h</subfield>
    <subfield code="p">2021-0034</subfield>
    <subfield code="r">2021-01-11</subfield>
    <subfield code="t">e.2</subfield>
    <subfield code="w">2021-01-11</subfield>
    <subfield code="y">LBS1</subfield>
  </datafield>
  <datafield tag="952" ind1=" " ind2=" ">
    <subfield code="0">0</subfield>
    <subfield code="1">0</subfield>
    <subfield code="2">ddc</subfield>
    <subfield code="5">6</subfield>
    <subfield code="7">0</subfield>
    <subfield code="8">DS</subfield>
    <subfield code="a">BNPHU</subfield>
    <subfield code="b">BNPHU</subfield>
    <subfield code="c">HD</subfield>
    <subfield code="d">2021-01-11</subfield>
    <subfield code="e">Editora B&#xFA;ho </subfield>
    <subfield code="l">0</subfield>
    <subfield code="o">BNPHU DS 337.142 T775h</subfield>
    <subfield code="p">2021-0035</subfield>
    <subfield code="r">2021-01-11</subfield>
    <subfield code="t">e.3</subfield>
    <subfield code="w">2021-01-11</subfield>
    <subfield code="y">LBS1</subfield>
  </datafield>
  <datafield tag="952" ind1=" " ind2=" ">
    <subfield code="0">0</subfield>
    <subfield code="1">0</subfield>
    <subfield code="2">ddc</subfield>
    <subfield code="5">6</subfield>
    <subfield code="7">0</subfield>
    <subfield code="8">DS</subfield>
    <subfield code="a">BNPHU</subfield>
    <subfield code="b">BNPHU</subfield>
    <subfield code="c">HD</subfield>
    <subfield code="d">2021-01-11</subfield>
    <subfield code="e">Editora B&#xFA;ho </subfield>
    <subfield code="l">0</subfield>
    <subfield code="o">BNPHU DS 337.142 T775h</subfield>
    <subfield code="p">2021-0037</subfield>
    <subfield code="r">2021-01-11</subfield>
    <subfield code="t">e.4</subfield>
    <subfield code="w">2021-01-11</subfield>
    <subfield code="y">LBS1</subfield>
  </datafield>
  <datafield tag="952" ind1=" " ind2=" ">
    <subfield code="0">0</subfield>
    <subfield code="1">0</subfield>
    <subfield code="2">ddc</subfield>
    <subfield code="5">6</subfield>
    <subfield code="7">0</subfield>
    <subfield code="8">DS</subfield>
    <subfield code="a">BNPHU</subfield>
    <subfield code="b">BNPHU</subfield>
    <subfield code="c">HD</subfield>
    <subfield code="d">2021-01-11</subfield>
    <subfield code="e">Editora B&#xFA;ho </subfield>
    <subfield code="l">0</subfield>
    <subfield code="o">BNPHU DS 337.142 T775h</subfield>
    <subfield code="p">2021-0036</subfield>
    <subfield code="r">2021-01-11</subfield>
    <subfield code="t">e.5</subfield>
    <subfield code="w">2021-01-11</subfield>
    <subfield code="y">LBS1</subfield>
  </datafield>
  <datafield tag="999" ind1=" " ind2=" ">
    <subfield code="c">49299</subfield>
    <subfield code="d">49299</subfield>
  </datafield>
</record>
